000 01532nam a2200265Ia 4500
999 _c40629
_d40629
001 7256
003 GE_BSU
005 20191220105627.0
008 181216s2013||||ge |||||||||||||| ||geo||
020 _a9789941210907
040 _cGE_BSU
041 _ageo
080 _a27-725(569.1)(479.22) ს-24
245 _aსამხრეთ საქართველო /
_cშემდგ. კახაბერ კენკიშვილი; პროექტის რედ. თამარ მამაცაშვილი.
264 _aთბილისი :
_bპალიტრა L,
_c2013.
300 _a142 გვ.;
_b20 სმ.
490 _aსაქართველოს იმედი : ყველა წმინდანი, რომელთა შესახებაც უნდა იცოდე,
_vწ. 16
_xISSN 2298-0547 /
500 _aიბეჭდება სრ. საქ. კათოლიკოს-პატრიარქის ილია II-ის ლოცვა-კურთხევით
653 _aქართველი წმინდანები
653 _aსაქართველოს მართლმადიდებლური ეკლესიის ისტორია
653 _aრელიგია
700 _aკენკიშვილი, კახაბერ
_eშემდგენელი
_95863
700 _aმამაცაშვილი, თამარ
_eრედაქტორი
_95864
942 _cBK
_2udc